Random 5 Biggest Trading Partners - Statistics

General Stats
  • This quiz has been taken 197 times
  • The average score is 27 of 30
Answer Stats
Hint In USD Country % Correct
Brazil (exports) 13.4 bil Argentina
100%
Netherlands (exports) 58.9 bil Belgium
100%
United States (export) 157 bil China
100%
United States (imports) 545 bil China
100%
Germany (exports) 85.4 bil China
100%
Germany (imports) 105 bil China
100%
United Kingdom (exports) 26.8 bil China
100%
United Kingdom (imports) 66.6 bil China
100%
Australia (exports) 67.0 bil China
100%
Australia (imports) 44.9 bil China
100%
South Africa (exports) 11.3 bil China
100%
South Africa (imports) 14.3 bil China
100%
India (exports) 21.7 bil China
100%
Saudi Arabia (exports) 5.61 bil China
100%
Netherlands (imports) 77.3 bil China
100%
Brazil (exports) 37.4 bil China
100%
Brazil (imports) 23.8 bil China
100%
Pakistan (exports) 1.59 bil China
100%
Pakistan (imports) 13.68 bil China
100%
Germany (exports) 111 bil France
100%
Germany (imports) 72.9 bil France
100%
United Kingdom (exports) 26.1 bil France
100%
United Kingdom (imports) 33.3 bil France
100%
Spain (exports) 43.8 bil France
100%
Russia (imports) 8.5 bil France
100%
China (import) 106 bil Germany
100%
United States (imports) 125 bil Germany
100%
United Kingdom (exports) 43.8 bil Germany
100%
United Kingdom (imports) 86.5 bil Germany
100%
Spain (exports) 32.7 bil Germany
100%
Spain (imports) 45.5 bil Germany
100%
Russia (exports) 21.3 bil Germany
100%
Russia (imports) 19.5 bil Germany
100%
Turkey (exports) 14.0 bil Germany
100%
Australia (imports) 10.1 bil Germany
100%
South Africa (exports) 7.07 bil Germany
100%
South Africa (imports) 6.29 bil Germany
100%
Saudi Arabia (imports) 11.8 bil Germany
100%
Netherlands (exports) 127 bil Germany
100%
Netherlands (imports) 75.0 bil Germany
100%
France (imports) 96.1 bil Germany
100%
Brazil (exports) 4.86 bil Germany
100%
Brazil (imports) 9.13 bil Germany
100%
Pakistan (exports) 1.19 bil Germany
100%
Spain (exports) 22.5 bil Italy
100%
Turkey (exports) 7.58 bil Italy
100%
China (export) 147 bil Japan
100%
Saudi Arabia (imports) 9.71 bil Japan
100%
China (export) 109 bil South Korea
100%
France (exports) 36.0 bil Spain
100%
United States (export) 66 bil United Kingdom
100%
Germany (exports) 94.1 bil United Kingdom
100%
Spain (exports) 21.8 bil United Kingdom
100%
Turkey (exports) 11.7 bil United Kingdom
100%
South Africa (exports) 4.23 bil United Kingdom
100%
India (exports) 8.89 bil United Kingdom
100%
Netherlands (exports) 50.8 bil United Kingdom
100%
Netherlands (imports) 24.5 bil United Kingdom
100%
France (exports) 35.0 bil United Kingdom
100%
Pakistan (exports) 1.56 bil United Kingdom
100%
Germany (exports) 119 bil United States
100%
Germany (imports) 65.8 bil United States
100%
United Kingdom (exports) 60.4 bil United States
100%
Turkey (exports) 6.63 bil United States
100%
Australia (imports) 21.7 bil United States
100%
South Africa (exports) 7.16 bil United States
100%
India (imports) 20.5 bil United States
100%
Saudi Arabia (imports) 22.0 bil United States
100%
France (imports) 38.8 bil United States
100%
Brazil (imports) 24.1 bil United States
100%
Pakistan (imports) 2.01 bil United States of America
100%
Netherlands (exports) 48.3 bil France
95%
Netherlands (exports) 22.0 bil Italy
95%
India (exports) 40.3 bil United States
95%
Netherlands (imports) 39.0 bil United States
95%
United States (export) 298 bil Canada
94%
Spain (imports) 22.0 bil China
94%
France (imports) 51.9 bil China
94%
France (exports) 79.1 bil Germany
94%
France (exports) 35.3 bil Italy
94%
France (imports) 41.7 bil Italy
94%
China (import) 156 bil United States
94%
France (exports) 36.2 bil United States
94%
Pakistan (exports) 3.43 bil United States of America
94%
Russia (imports) 38.3 bil China
93%
India (imports) 61.6 bil China
93%
Turkey (imports) 21.5 bil Germany
93%
Turkey (imports) 10.2 bil Italy
93%
United Kingdom (imports) 59.1 bil United States
93%
Russia (imports) 11.1 bil United States
93%
Turkey (imports) 10.9 bil United States
93%
Australia (exports) 8.99 bil United States
93%
Brazil (imports) 9.08 bil Argentina
92%
United States (imports) 318 bil Canada
92%
United States (imports) 142 bil Japan
92%
United States (imports) 346 bil Mexico
92%
Brazil (exports) 23.3 bil United States
92%
Netherlands (imports) 42.0 bil Belgium
91%
Germany (imports) 57.3 bil Italy
91%
South Africa (imports) 3.60 bil India
90%
South Africa (imports) 4.44 bil United States
90%
China (export) 77.9 bil Germany
89%
Pakistan (imports) 6.20 bil United Arab Emirates
89%
China (export) 480 bil United States
89%
Saudi Arabia (imports) 24.0 bil China
88%
Spain (imports) 37.2 bil France
88%
Spain (imports) 20.9 bil Italy
88%
United States (export) 74 bil Japan
88%
United States (export) 265 bil Mexico
88%
Saudi Arabia (imports) 9.65 bil South Korea
88%
Australia (exports) 7.64 bil India
87%
Australia (exports) 26.1 bil Japan
87%
Turkey (imports) 25.6 bil China
86%
Russia (exports) 28.7 bil China
85%
France (imports) 40.8 bil Belgium
83%
Germany (imports) 92.5 bil Netherlands
82%
China (import) 177 bil Taiwan
82%
South Africa (exports) 3.82 bil Japan
81%
Saudi Arabia (exports) 3.00 bil Italy
80%
Saudi Arabia (exports) 6.74 bil United Arab Emirates
80%
Australia (imports) 14.6 bil Japan
78%
Brazil (imports) 5.45 bil South Kore
77%
China (import) 180 bil Japan
76%
Spain (exports) 20.2 bil Portugal
76%
United Kingdom (exports) 25.5 bil Netherlands
75%
Russia (imports) 9.4 bil Belarus
73%
Spain (imports) 16.0 bil Netherlands
71%
China (import) 205 bil South Korea
71%
Russia (exports) 14.1 bil Belarus
70%
South Africa (imports) 2.69 bil Saudi Arabia
70%
India (exports) 29.9 bil United Arab Emirates
68%
Pakistan (imports) 2.09 bil Indonesia
67%
Russia (exports) 29.3 bil Netherlands
65%
Russia (exports) 13.7 bil Turkey
65%
Germany (exports) 86.8 bil Netherlands
64%
Australia (imports) 10.9 bil Thailand
61%
United Kingdom (imports) 46.4 bil Netherlands
60%
Turkey (imports) 15.2 bil Russia
57%
Pakistan (imports) 1.96 bil Japan
56%
Pakistan (exports) 1.37 bil Afghanistan
50%
Saudi Arabia (exports) 1.97 bil Egypt
50%
India (imports) 21.3 bil Saudi Arabia
50%
India (exports) 7.81 bil Singapore
47%
Australia (exports) 12.5 bil South Korea
47%
India (imports) 20.3 bil United Arab Emirates
43%
Brazil (exports) 10.3 bil Netherlands
42%
Turkey (exports) 7.64 bil Iraq
33%
China (export) 84 bil Vietnam
33%
Saudi Arabia (exports) 2.35 bil Singapore
30%
India (imports) 21.1 bil Switzerland
14%
No matching quizzes found
Score Distribution
Percent of People with Each Score
Percentile by Number Answered
Your Score History
You have not taken this quiz